Indice de acuerdos, 1976

Bewaard in:
Bibliografische gegevens
Coauteur: Costa Rica. Ministerio de Agricultura y Ganadería. Consejo Agropecuario Nacional
Formaat: Texto
Gepubliceerd in: San José: MAG. CAN
Onderwerpen:
Tags: Voeg label toe
Geen labels, Wees de eerste die dit record labelt!

MARC

LEADER 00000 a a2200000 04500
001 15612
003
040
090 |a 015700  
110 |a Costa Rica. Ministerio de Agricultura y Ganadería. Consejo Agropecuario Nacional  
245 |a Indice de acuerdos, 1976  
260 |a San José:   |b MAG. CAN  
300 |a 42 p.  
650 |a LEGISLACION  
999 |c 10713  |d 10713